Propuesta de identificación y valoración para la selección de documentos en los archivos de la administración local / Mesa de Trabajo de Archivos de la Administración Local
ISBN:
84-7359-526-2
Descripción Física:
192 p. ; 21 cm
MARC
| LEADER | 00000nam a2200000Ia 4500 | ||
|---|---|---|---|
| 001 | 15460 | ||
| 008 | 160829s2001 xx 000 0 cat d | ||
| 020 | |a 84-7359-526-2 | ||
| 080 | |a A-2-184 | ||
| 100 | |a Mesa de Trabajo de Archivos de la Administración Local |9 22584 | ||
| 245 | |a Propuesta de identificación y valoración para la selección de documentos en los archivos de la administración local / Mesa de Trabajo de Archivos de la Administración Local | ||
| 260 | |a [Logroño] : |b Ayuntamiento de Logroño, |c 2001 | ||
| 300 | |a 192 p. ; |c 21 cm | ||
| 590 | |a Bibliografia. | ||
| 590 | |a Inclou legislació relacionada amb el tema | ||
| 650 | 0 | |a Arxius municipals |9 41223 | |
| 650 | |a Documents públics |x Avaluació |9 22586 | ||
| 710 | 2 | |a Logronyo (La Rioja). |b Ayuntamiento |9 55139 | |
| 901 | |a Arxiu | ||
| 942 | |n 1 | ||
| 952 | |0 0 |1 0 |4 0 |6 A2184 |7 1 |9 42246 |a Arxiu |b Arxiu |d 2016-12-01 |l 0 |o A-2-184 |p 15460 |r 2016-12-01 00:00:00 |w 2016-12-01 |y ARXIU | ||
| 999 | |c 44724 |d 44724 | ||